MARC

Tag First Indicator Second Indicator Subfields
LEADER 00000cas a2200000 a 4500
001 in00001663647
005 20151024122433.0
006 m d
007 cr cnu--------
008 000928c19989999enkbr pss 0 a0eng d
010 |a sn 99003678   |z  00242192  
019 |a 45090650 
022 0 |a 1524-4733  |y 1098-3015 
029 1 |a OCLCS  |b 10766 
035 |a (OCoLC)ocm41070179 
037 |b Blackwell Science, Inc., Commerce Place, 350 Main Street, Malden, MA 02148  |c Institution: $144.00  |c Personal: $90.00 
040 |a NSD  |c NSD  |d OCL  |d NSD  |d OCLCQ  |d WAU  |d OCLCQ  |d UtOrBLW 
042 |a lcd 
049 |a TXAM 
090 |a R855  |b .V35 Electronic 
092 |a 610.28 
130 0 |a Value in health (Online) 
210 1 0 |a Value Health  |2 dnlm 
245 1 0 |a Value in health. 
264 1 |a [Oxford, England] ;  |a [Malden, Mass.] :  |b Blackwell Pub.,  |c [1998]- 
264 4 |c [©1998] 
310 |a Bimonthly 
336 |a text  |b txt  |2 rdacontent 
337 |a computer  |b c  |2 rdamedia 
338 |a online resource  |b cr  |2 rdacarrier 
362 0 |a Vol. 1, issue 1 (May 1998)- 
500 |a Title from table of contents screen (publisher's Website, viewed Nov. 25, 2003). 
500 |a Latest issue consulted: Volume 6, issue 6 (Nov. 2003) (viewed Nov. 25, 2003). 
500 |a "Official journal of the International Society for Pharmacoeconomics and Outcomes Research." 
500 |a Electronic version available through: Synergy. 
500 |a Description based on: Volume 2, issue 1 (Jan. 1999); title from table of contents page (viewed on Sept. 28, 2000). 
530 |a Also issued in print. 
538 |a Mode of access: World Wide Web. 
550 |a Published on behalf of the International Society for Pharmacoeconomics and Outcomes Research. 
500 |a Electronic resource. 
650 0 |a Medical technology  |x Evaluation  |v Periodicals. 
650 0 |a Medical care  |x Evaluation  |v Periodicals. 
650 0 |a Pharmaceutical technology  |x Evaluation  |v Periodicals. 
650 0 |a Biotechnology  |x Evaluation  |v Periodicals. 
650 1 2 |a Outcome Assessment (Health Care)  |v Periodicals. 
650 2 2 |a Economics, Pharmaceutical  |v Periodicals. 
650 2 2 |a Medical Laboratory Science  |x standards  |v Periodicals. 
650 2 2 |a Health Resources  |x standards  |v Periodicals. 
650 2 2 |a Risk Assessment  |v Periodicals. 
710 2 |a International Society for Pharmacoeconomics and Outcomes Research. 
776 1 |t Value in health  |x 1098-3015  |w (DLC)sn 98004234  |w (OCoLC)38577908 
949 |a updated  |b h  |c 2010/1/26  |e vilik  |f 1:51:57 pm 
994 |a C0  |b TXA 
999 |a MARS 
999 f f |s a425d7b8-5d29-37f2-a461-e9f906cf08c1  |i 6ee807c7-5b49-3503-be9f-556cf7ec4e6f  |t 0 
952 f f |a Texas A&M University  |b College Station  |c Electronic Resources  |d Available Online  |t 0  |e R855 .V35  |g Electronic  |h Library of Congress classification 
998 f f |a R855 .V35  |t 0  |l Available Online